LEADER 01196nam a2200277 i 4500 001 000000191019 003 CaOOAMICUS 005 20251128145610.0 008 100713s1981 be u000 u fre u 013 $a169499 040 $aSeMil$bita 100 1 $aSot, Michel.$0(OLS)http://semarc/name/69822 245 10$aGesta episcoporum, gesta abbatum. A-1. 4* /$cPar Michel Sot. 260 $aTurnhout :$bBrepols,$c1981. 300 $a57 + [4] p. ;$c24 cm. 490 0 $aTypologie des sources du Moyen Age occidental ;$vFasc.37 500 $aIn coda al vol.: Mise à jour du fascicule n.37 650 4$aVescovi - Storiografia - Medioevo.$0(OLS)http://semarc/subject/35984 650 4$aAbate - Storiografia - Medioevo.$0(OLS)http://semarc/subject/35985 830 0$aTypologie des sources du Moyen Age occidental ;$v37.$0(OLS)http://semarc/title/122 850 $aSeMil 852 $aSeMil$W1$xVenegono$y1$m2U II 137$j141633$B141633$CSeMilBibl$Z2$F153179 $81 961 $aOmaggio: Altro 996 $6245$aGesta episcoporum, gesta abbatum. A-1. 4*$9(OLS)http://semarc/title/275260 996 $6260$aTurnhout :$bBrepols$9(OLS)http://semarc/publisher/29626 LEADER 01101nam a2200241 i 4500 001 000000045263 003 CaOOAMICUS 005 20090907000000.0 008 090907s1986 it u000 u ita u 013 $a16433 040 $aSeMil$bita 245 13$aIl Sinodo dei Vescovi :$bseconda assemblea generale straordinaria (24 novembre-8 dicembre 1985) /$cGiovanni Caprile. 260 $a[Roma] :$bLa Civiltà Cattolica,$cstampa 1986. 300 $aXI, 627 p. ;$c24 cm. 500 $aFondo Conti. 650 4$aSinodo dei Vescovi .$0(OLS)http://semarc/subject/9685 700 1 $aCaprile, Giovanni,$c.$0(OLS)http://semarc/name/771 710 0 $aSinodo dei Vescovi.$0(OLS)http://semarc/name/10968 850 $aSeMil 852 $aSeMil$W1$xVenegono$y1$m2A V 43$j11418$B11418$CSeMilBibl$Z2$F11418 $81 961 $aOmaggio: Conti Franco 996 $6245$aIl Sinodo dei Vescovi :$bseconda assemblea generale straordinaria (24 novembre-8 dicembre 1985)$9(OLS)http://semarc/title/67248 996 $6260$a[Roma] :$bLa Civiltà Cattolica$9(OLS)http://semarc/publisher/33557